Aspectos jurd̕icos del despilfarro en la gestin̤ de los fondos pb︢licos

Detalles Bibliográficos
Autor principal: Cubillo Rodrg̕uez, Carlos
Formato: eBook
Lenguaje:español
Publicado: Madrid: Dykinson, 2019
Materias:
Acceso en línea:Acceso restringido

MARC

LEADER 00000nam a22000007a 4500
005 20190517133750.0
007 cr|||| ||||
008 190517s2019 es |||||s|||| 00||0 spa d
020 |a 978-84-1324-126-5 
035 |a 23283 
040 |a vLex 
090 |c 8751  |d 8751 
100 1 |a Cubillo Rodrg̕uez, Carlos 
245 1 0 |a Aspectos jurd̕icos del despilfarro en la gestin̤ de los fondos pb︢licos  |h [Recurso electrn̤ico] /  |c Carlos Cubillo Rodrg̕uez 
256 |a Servicio en ln̕ea 
260 |a Madrid:  |b Dykinson,  |c 2019 
300 |a 1 recurso electrn̤ico 
500 |a Esta obra ofrece un anl̀isis, desde la perspectiva jurd̕ica, del fenm̤eno del despilfarro que deriva de los casos de corrupcin̤ o ineficiencia extrema en la gestin̤ de las finanzas pb︢licas. Afronta, por tanto, una cuestin̤ de evidente actualidad que interesa a la ciudadana̕, a los medios de comunicacin̤ y a los profesionales, no solo del derecho, sino tambiň de otras r̀eas relacionadas con la administracin̤ de los recursos pb︢licos. El libro examina la organizacin̤ y funcionamiento del sector pb︢lico, las exigencias jurd̕icas a las que debe someterse la actividad econm̤ico-financiera del mismo, las principales r̀eas de riesgo de dispendio de fondos pb︢licos, los aspectos relacionados con la prevencin̤ del derroche de dichos fondos, los mecanismos que ofrece el Estado de Derecho para combatir el mencionado derroche y el tratamiento de las responsabilidades jurd̕icas, tanto sancionatorias como indemnizatorias, en que puede incurrir el gestor pb︢lico que despilfarra el patrimonio a su cargo. Aunque se trata de una obra de contenido esencialmente jurd̕ico, tambiň incluye elementos relativos a otras materias, por lo que tiene un cierto carc̀ter multidisciplinar. Por otra parte, junto a las cuestiones tčnicas, el libro incorpora reflexiones, ančdotas y propuestas de reforma orientadas a dotar al Ordenamiento Jurd̕ico de una mayor eficacia en la prevencin̤ y lucha contra el dispendio en la administracin̤ de los recursos pb︢licos. 
506 1 |a Disponible solo en los productos indicados  |d vLex Global  |d vLex Global (Academic Edition, excluding Law Schools)  |d vLex Global (U.S. Academic Edition, Law Schools)  |d vLex Global (U.S. Academic Edition, excluding Law Schools)  |d vLex Global (Academic Edition, Law Schools) 
650 0 4 |a Funcin̤ Pb︢lica  |z Espaą 
650 0 4 |a Financiero  |z Espaą 
740 0 |a vLex Libros (Servicio en ln̕ea) 
856 4 0 |u http://vlex.com/source/aspectos-juridicos-del-despilfarro-en-la-gestion-de-los-fondos-publicos-23283  |z Acceso restringido 
942 |c BOOK 
999 0 |a Public Function 
999 0 |a Financial